Decentralised participatory rural trnsformation: (Record no. 201496)

MARC details
000 -LEADER
fixed length control field 00692nam a22001937a 4500
005 - DATE AND TIME OF LATEST TRANSACTION
control field 20240402145728.0
010 ## - LCCN (DPL NO)
LC control number ENG-139710
020 ## - INTERNATIONAL STANDARD BOOK NUMBER
International Standard Book Number 8188808946
Terms of availability 595.00
035 ## - SYSTEM CONTROL NUMBER
System control number EN-123242
037 ## - SOURCE OF ACQUISITION
Source of stock number/acquisition DBAD/PUB
082 ## - DEWEY DECIMAL CLASSIFICATION NUMBER
Classification number 307.141
Edition number 1
100 ## - MAIN ENTRY--PERSONAL NAME
Personal name Bhattacharya, Manik
245 ## - TITLE STATEMENT
Title Decentralised participatory rural trnsformation:
Remainder of title During left front government in West Bengal/
Statement of responsibility, etc Manik Bhattacharya
250 ## - EDITION STATEMENT
Edition statement 1
260 ## - PUBLICATION, DISTRIBUTION, ETC. (IMPRINT)
Place of publication, distribution, etc New Delhi
Name of publisher, distributor, etc Shivalik Prakashan
Date of publication, distribution, etc 2012
270 ## - ADDRESS
Address 27/16,Shakti Nagar ,New Delhi
City New Delhi
Postal code 110007
Telephone number 011-24564680, 42351161
Electronic mail address shivalikprakashan@gmail.com
300 ## - PHYSICAL DESCRIPTION
Extent 168p.;
Dimensions 23cm(HB)
Other physical details Images
942 ## - ADDED ENTRY ELEMENTS (KOHA)
Source of classification or shelving scheme Dewey Decimal Classification
Item type English Books
Classification part 307.141
Call number suffix BHA
Holdings
Withdrawn status Lost status Not for loan Collection code Home library Current library Date acquired Source of acquisition Cost, normal purchase price Full call number Barcode Copy number Cost, replacement price Koha item type
      Non-fiction Bawana Bawana 14/03/2024 DBAD 595.00 307.141 BHA EN-123242 1 595.00 English Books

© Delhi Public Library
Hit Counter
free hit counter